| 000 | 01060nas a2200325 4500 | ||
|---|---|---|---|
| 001 | BR2019001804 | ||
| 003 | BR-BrBNA | ||
| 005 | 20231205131957.0 | ||
| 007 | ta | ||
| 008 | 230509b bl.|||p| |||| 00| 00por d | ||
| 040 |
_aBR-BrBNA _bpor _cBiblioteca Nacional de Agricultura |
||
| 041 | _a(En) | ||
| 072 | _aF61; H50 | ||
| 100 | 1 | _aPereira Filho, J.V. | |
| 100 | 1 | _aViana, T.V. de A. | |
| 100 | 1 | _aSousa, G.G. de | |
| 100 | 1 | _aChagas, K. | |
| 100 | 1 | _aAzevedo, B.M. de | |
| 100 | 1 | _aPereira, C.C.M. de S. | |
| 245 | 1 | _aPhysiological responses of lima bean subjected to salt and water stresses | |
| 650 | _aFEIJÃO FAVA | ||
| 650 | _aFOTOSSÍNTESE | ||
| 650 | _aQUALIDADE DA ÁGUA | ||
| 650 | _aSALINIDADE | ||
| 650 | _aFISIOLOGIA VEGETAL | ||
| 773 | 0 |
_tRevista Brasileira de Engenharia Agrícola e Ambiental (Brazil) _xISSN 1807-1929 _g(Dec 2019), v. 23(12) p. 959-965 _wBR2019001804 |
|
| 856 | 4 | 0 | _uhttp://www.scielo.br/pdf/rbeaa/v23n12/1415-4366-rbeaa-23-12-0959.pdf |
| 909 |
_a202311 _bLúcia _c55 _dLúcia Elande |
||
| 942 |
_2AGRIS _n0 _cANA |
||
| 999 |
_c257789 _d257789 |
||